00748nam a2200217Ia 4500003000900000008004100009020001800050040001600068080001500084100002400099245008800123260004800211300001400259650002300273650002700296650002600323650002400349942000700373999001700380952013300397IN-BaIIA211028s9999 xx 000 0 eng d a0-521-31779-7 cIIA Library a521.9bGRE aGreen, R. M.926236 0aSpherical astronomycR. M. Green  aCambridgebCambridge University Pressc1985 axiv, 520p aBinary stars91185 aCelestial sphere91503 aRadio Astronomy92849 aSpherical astronomy cBK c15469d15469 00104070aBANbHANcGENd2003-10-07eANJ g2903.75l0o521.9/ GREp16391r2021-11-05v2903.75w2003-10-07yBKGRs. 2903.75